00447nam a2200181 a 4500001001300000003000900013005001700022008004100039020000900080082001300089100001600102245001800118260004400136300000800180500003500188650002600223700001600249nice12345678IN_TiNIC20260116011316.0080422s1909 alla grp 000 0 urd  ac2000a231bGOL aGoldsack, W aKhuda-E-islam aAllahabadbChristian Lit. Societyc1909 a45p aincludes index and biblioraphy aGod-Biblical Teaching1 aGoldsack, W